000 00841nam a2200253Ia 4500
003 OSt
005 20220918170433.0
006 a|||||r|||| 00| 0
007 ta
008 220917b |||||||| |||| 00| 0 eng d
020 _a9780230107960 (hbk)
_c4637.68
024 _a261,823
037 _b34349, 19/03/2012, Segment Book Distributors
_cTextual
040 _aARTS
_cARTS
_beng
041 _2eng
_aeng
082 _aV6:19(zP).P1, Q0
100 _aMangala Jack Ed.
_929019
245 0 _aNew security threats and crises in Africa
_b Regional and international perspectives
260 _aNew York
_bPalgrave Macmillan U.S.A
_c2010
300 _axx, 276p.
_ccm.
650 _aHISTORY
942 _hV6:19(zP).P1, Q0
_cTEXL
_2CC
999 _c134116
_d134116